000 00630nam a2200205 4500
001 138720
003 ES-MaACL
005 20230906195624.0
007 t|
008 070214s1946 it r ||||1| ita d
100 1 _aSantonastaso, Giuseppe.
_9103447
245 1 3 _aLe dottrine politiche
_b: da Lutero a Suarez /
_cGiuseppe Santonastaso.
250 _a1ยช ed.
260 _a[Milan?] :
_bArnoldo Mondadori,
_c1946.
300 _a132 p. ;
_c21 cm.
490 1 _aBiblioteca Storica. Studi e Ricerche
830 0 _aBiblioteca Storica. Studi e Ricerche
_9220178
852 _aES-MaACL
_jC-4780
_bR.25003
999 _c138720
_d138720